Statistics for Top 15 rock bands

Click here to take the quiz!

General Stats

  • This quiz has been taken 90 times
  • The average score is 12 of 15

Answer Stats

HintAnswer% Correct
Bohemian RhapsodyQueen
99%
Smells like teen spiritNirvana
95%
ThunderstruckAC/DC
94%
Let It BeThe Beatles
94%
Another brick on the wall (Part ll)Pink Floyd
92%
Stairway to Heaven
Led Zeppelin
90%
Hotel CaliforniaThe Eagles
90%
(I can't get no) SatisfactionThe Rolling Stones
90%
November RainGuns N' Roses
79%
Nothing else mattersMetallica
75%
With or Without youU2
74%
Riders on the Storm
The Doors
65%
My GenerationThe Who
63%
The ChainFleetwood Mac
60%
God Only KnowsThe Beach Boys
42%

Score Distribution

Percentile by Number Answered

Percent of People with Each Score

Your Score History

You have not taken this quiz